000
00323nam a2200121Ia 4500
008
191201s2015 xx 000 0 und d
100
_a
GARDENER, Mark
245
0
_a
Beginning R : The Statistical Programming Language
260
_a
N. delhi
_b
Wiley india
_c
2015
300
_a
475
650
_a
M.Tech(CSE)
942
_2
ddc
_c
BK
_0
3
999
_c
6478
_d
6478